01096 a2200265 4500010001400000020002300014035001300037082000800050090001500058245014500073260004600218300003000264520010500294650002700399650003000426651003800456651004200494651005200536700002500588700002300613700002800636942002300664999001500687952012800702 aENG-85634 a0195679563c657.00 aEN-6916714a954 c3249d32491 aFrom the colonial to the postcolonialbIndia and Pakistan in transitioncedited by Dipesh Chakrabarty, Rochona Majumdar, and Andrew Sartori. aNew DelhibOxford University Pressc2007. axii, 369 p.c23 cm. (Hb.) aContributed articles presented in a conference organized at the University of Chicago in April 2005. 0aPostcolonialismzIndia 0aPostcolonialismzPakistan 0aSouth AsiaxHistoryy20th century 0aIndiaxPolitics and governmenty1947- 0aPakistanxPolitics and governmenty20th century1 aChakrabarty, Dipesh.1 aMajumdar, Rochona.1 aSartori, Andrew,d1969- adplcENk954 / FRO c3186d3186 00102ddc40718NFICaDBADbDBADeDBAD/PUBg657.00l0o954pEN-69167r2008-09-15 00:00:00t1u3393v657.00w2008-09-15yEN